Responses for Show #4114 - Thursday, June 20, 2002

Eric Floyd game 1.

Contestants

[<< previous game]

Eric Floyd, a college student from Calhoun, Georgia

Jen Kaufmann, a mom from Oak Brook, Illinois

Meagan Shelton, a college student from Durant, Oklahoma (whose 1-day cash winnings total $27,601)

[next game >>]

Jeopardy! Round responses

CITY QUOTES
COUNTRY SINGERS ON FILM
EXPLORERS
"HIGH" ANXIETY
'20s TRANSPORTATION
STUPID ANSWERS
    $200 8
Hollywood

Triple Stumper
    $200 1
Maverick

Meagan
    $200 7
Christopher Columbus

Jen
    $200 4
high treason

Eric
    $200 21
chrome

Triple Stumper
    $200 24
(Eric: What is the loon?)
(Alex: Be more specific.)
(Eric: What is the Minnesota loon?)

common loon

MeaganEric
    $400 9
Dublin

Eric
    $400 2
Frank & Jesse James

Eric
    $400 10
Marco Polo

Eric
    $400 16
High Noon

Eric
    $400 22
New York

Triple Stumper
    $400 25
Who

Jen
    $600 14
Chicago

Eric
    $600 3
Lyle Lovett

Jen
    $600 11
(Eric: Who is Amundsen?)

Peary

MeaganEric
    $600 17
(Jewish) high holy days

Eric
    $600 23
Goodyear

Triple Stumper
    $600 26
old-fashioned

Meagan
    $800 15
Washington, D.C.

Triple Stumper
    $800 5
(Meagan: Who is Jean Carter?)
(Alex: Say it again.)
(Meagan: Jean Carter.)

June Carter Cash

MeaganEric
    $800 12
Cook

Eric
    $800 18
High Renaissance

Eric
    $800 30
(Robert) Goddard

Eric
    $800 27
Scary Movie

Jen
    $1,200 20
Boston

Eric
    $1000 6
Willie Nelson

Eric
    $1000 13
Champlain

Eric
    $1000 19
high commission

Triple Stumper
    $1000 29
Wings

Eric
    $1000 28
Germantown

Eric

Scores at the first commercial break (after clue 15):

Meagan Jen Eric
$0 $800 $5,000

Scores at the end of the Jeopardy! Round:

Meagan Jen Eric
$800 $2,000 $10,600

Double Jeopardy! Round responses

NATHANIEL HAWTHORNE
WHAT, KIM AGAIN?
OFFICIAL SEALS
MOUNT RUSHMORE
DON'T WORRY, BE HOPI
THAT'S "SWEET"
    $400 1
The Scarlet Letter

Eric
    $400 16
India

Jen
    $400 8
Israel

Jen
    $400 26
Jefferson & Lincoln

Eric
    $400 21
rain

Jen
    $400 6
sweet and sour

Eric
    $800 2
scarecrow

Meagan
    $800 17
Kim Delaney

Triple Stumper
    $800 12
polar bear

Eric
    $800 27
(Eric: What are Washington, Jefferson, Roosevelt and Lincoln?)
(Jen: What is chronological? Order?)
(Alex: I need you to give me the order.)
(Jen: Oh!)
(Alex: We know the order. We want you to name it.)
(Jen: Um, what is Washing--Washington, Jefferson, Roosevel--Li--)
(Alex: [Interrupting] No.)
(Jen: Uh!)
(Alex: Sorry.)

Washington, Jefferson, Lincoln and Roosevelt

MeaganJenEric
    $800 22
corn

Eric
    $800 7
sweet nothings

Eric
    $1200 3
October

Meagan
    $1200 18
science fiction

Eric
    $1200 13
sword

Meagan
    $7,800 28
Theodore Roosevelt

Meagan
    $1200 23
peaceful

Jen
    $1200 9
Sweet Escapes

Meagan
    $1600 4
Bowdoin

Eric
    $1600 19
Sex and the City

Jen
    $2,800 14
lion

Meagan
    $1600 29
John Adams

Eric
    $1600 24
(Eric: What are Kewpie dolls?)

Kachina dolls

MeaganEric
    $1600 10
Sweet and Lowdown

Eric
    $2000 5
Brook Farm

Meagan
    $2000 20
Kim Carnes

Eric
    $2000 15
sheep

Eric
    $2000 30
Lincoln

Meagan
    $2000 25
Pueblo

Meagan
    $2000 11
Sweet Bird of Youth

Eric

Scores at the end of the Double Jeopardy! Round:

Meagan Jen Eric
$24,200 $5,200 $23,800

[wagering suggestions for these scores]

Final Jeopardy! Round responses

THE EMMY AWARDS
(Alex: Let's go to to Eric Floyd. He selected [*]. That's right.)
(Eric: I know.)
(Alex: I know. You're agreeing with our judges.)
JenWhat is E.R.?
$5,200
EricWhat is Frasier?
$0
MeaganWhat is M.A.S.H.?
$18,900
Frasier

Final scores:

Meagan Jen Eric
$5,300 $0 $23,800
2nd place: $2,000 3rd place: $1,000 New champion: $23,800

Game dynamics:

Coryat scores:

Meagan Jen Eric
$16,400 $5,200 $23,600
15 R
(including 2 DDs),
1 W
9 R,
1 W
29 R
(including 1 DD),
4 W

Combined Coryat: $45,200

[game clues] [game scores] [suggest correction]

Game tape date: 2002-02-20
The J! Archive is created by fans, for fans. Scraping, republication, monetization, and malicious use prohibited; this site may use cookies and collect identifying information. See terms. The Jeopardy! game show and all elements thereof, including but not limited to copyright and trademark thereto, are the property of Jeopardy Productions, Inc. and are protected under law. This website is not affiliated with, sponsored by, or operated by Jeopardy Productions, Inc. Join the discussion at JBoard.tv.